| 000 | 00586nam a2200181 4500 | ||
|---|---|---|---|
| 001 | 143826 | ||
| 003 | ES-MaACL | ||
| 005 | 20230906200902.0 | ||
| 007 | t| | ||
| 008 | 070214s1972 sp r ||||1| spa d | ||
| 245 | 0 | 0 |
_aSexualidad y educación sexual / _cJ. M. López-Cepero... [et al.]. |
| 260 |
_aMadrid : _bInstituto de la Juventud, _c1972 ( _fArabi) |
||
| 300 |
_a277 p. ; _c21 cm. |
||
| 700 | 1 |
_aLópez-Cepero Jurado, José Mariano. _973503 |
|
| 710 | 2 |
_aInstituto de la Juventud (España) _94979 |
|
| 852 |
_aES-MaACL _jE-6564 _bR.91167 |
||
| 852 |
_aES-MaACL _jC-48251 _bR.83388 |
||
| 999 |
_c143826 _d143826 |
||